Emerging trends in tourism and hospitality marketing / (Record no. 525)

MARC details
000 -LEADER
fixed length control field 00589nam a22001817a 4500
005 - DATE AND TIME OF LATEST TRANSACTION
control field 20230615063014.0
008 - FIXED-LENGTH DATA ELEMENTS--GENERAL INFORMATION
fixed length control field 230112b |||||||| |||| 00| 0 eng d
020 ## - INTERNATIONAL STANDARD BOOK NUMBER
International Standard Book Number 978-93-5269-048-0
082 ## - DEWEY DECIMAL CLASSIFICATION NUMBER
Classification number 338.47910688 Si646 2018
100 ## - MAIN ENTRY--PERSONAL NAME
Personal name Singh, Shweta
Relator term author
245 ## - TITLE STATEMENT
Title Emerging trends in tourism and hospitality marketing /
Statement of responsibility, etc. Shweta Singh
260 ## - PUBLICATION, DISTRIBUTION, ETC.
Place of publication, distribution, etc. New Delhi, IN:
Name of publisher, distributor, etc. Random Publications,
Date of publication, distribution, etc. c2018.
300 ## - PHYSICAL DESCRIPTION
Extent viii, 293p.
504 ## - BIBLIOGRAPHY, ETC. NOTE
Bibliography, etc. note Includes bibliographies and index
541 ## - IMMEDIATE SOURCE OF ACQUISITION NOTE
Accession number 6427
650 ## - SUBJECT ADDED ENTRY--TOPICAL TERM
Topical term or geographic name entry element Hospitality industry - Marketing
650 ## - SUBJECT ADDED ENTRY--TOPICAL TERM
Topical term or geographic name entry element Tourist trade - Marketing
Holdings
Withdrawn status Lost status Source of classification or shelving scheme Damaged status Not for loan Home library Current library Date acquired Total Checkouts Full call number Barcode Date last seen Copy number Price effective from Koha item type
    Dewey Decimal Classification     ctu-moalboal ctu-moalboal 09/11/2020   338.47910688 Si646 2018 6427 01/12/2023 1 01/12/2023 Books-Reference